| 000 | 00402cam a2200157ua 4500 | ||
|---|---|---|---|
| 041 |
_aeng _h |
||
| 082 |
_a511.3 _bROS/EL |
||
| 100 | _aRoseenblom, Paul c . | ||
| 245 |
_aElements of mathematical logic / _cPaul C Roseenbloom. _hTextual Documents |
||
| 250 |
_a1 / _b. |
||
| 260 |
_aNew York : _bDover Publications , _c1950. |
||
| 300 | _a229 ; . | ||
| 504 | _a | ||
| 942 | _cBK | ||
| 999 |
_c9614 _d9614 |
||